000 00441nam a2200169Ia 4500
005 20240823053628.0
008 240823s9999||||xx |||||||||||||| ||und||
041 _aENGLISH
082 _A604.2 p4
100 _aVenugopal T
245 0 _aStep By Step Engineering Drawing
250 _a1st
260 _bVRB Publishers Pv
_aChennai
500 _aTRANSFERED
650 _aStep By Step
_bFire Technology & Safety Engineering
942 _cBK
999 _c224586
_d224586